ბათუმის შოთა რუსთაველის სახელმწიფო უნივერსიტეტის ბიბლიოთეკა

ტყის მეურნეობის განვითარება, ნაკრძალის შექმნა და ეროვნული პარკის ჩამოყალიბება ბორჯომის ხეობაში : (ბიბ.ჩანაწერი № 61077)

000 -ლიდერი
ფიქსირებული სიგრძის საკონტროლო ველი 01073nam a22002057a 4500
003 - საკონტროლო ნომრის იდენტიფიკატორი
საკონტროლო ველი Ge_BSU
005 - ბოლო ოპერაციის თარიღი და დრო
საკონტროლო ველი 20231214113316.0
008 - ფიქსირებული სიგრძის მონაცემთა ელემენტები - ზოგადი ინფორმაცია
ფიქსირებული სიგრძის საკონტროლო ველი 231214s2001 ge ||||| |||| 00| 0 geo d
041 ## - ენის კოდი
Language code of text/sound track or separate title geo
080 ## - უნივერსალური ათობითი კლასიფიკაციის ინდექსი
Universal Decimal Classification number 630(479.22)+502.17(479.22-751) გ-74
100 ## - მთავარი ჩანაწერი - პიროვნების სახელი
Personal name გოცირიძე, ლევან
9 (RLIN) 20726
245 ## - ცნობა სათაურის შესახებ
Title ტყის მეურნეობის განვითარება, ნაკრძალის შექმნა და ეროვნული პარკის ჩამოყალიბება ბორჯომის ხეობაში :
Remainder of title [ნარკვევი] /
Statement of responsibility, etc ლევან გოცირიძე.
264 ## - წარმოების, გამოცემის, დისტრიბუციის და სხვა ცნობები
გამოცემის, წარმოების, დისტრიბუციის... ადგილი თბილისი,
გამოცემის, წარმოების, დისტრიბუციის... თარიღი 2001.
300 ## - ფიზიკური აღწერა
Extent 160 გვ. :
Other physical details ილ. ;
Dimensions 24 სმ.
504 ## - BIBLIOGRAPHY, ETC. NOTE
Bibliography, etc ბიბლიოგრ.: გვ. 158-160.
653 ## - INDEX TERM--UNCONTROLLED
Uncontrolled term სატყეო მეურნეობა
653 ## - INDEX TERM--UNCONTROLLED
Uncontrolled term საქართველოს ნაკრძალები
653 ## - INDEX TERM--UNCONTROLLED
Uncontrolled term ბორჯომის ეროვნული პარკი.
942 ## - ADDED ENTRY ELEMENTS (KOHA)
Source of classification or shelving scheme
Koha item type წიგნი
ეგზემპლარები
ჩამოწერის სტატუსი დაკარგული ეგზემპლარის სტატუსი კლასიფიკაციის წყარო ან თაროზე გაწყობის სქემა დაზიანების სტატუსი არ გაიცემა მუდმივი მდებარეობა (დაცვის ადგილი) ამჟამინდელი ადგილსამყოფელი თაროზე განთავსების ადგილი შეძენის თარიღი ღირებულება, შესყიდვის ნორმალური ფასი სრული შენახვის შიფრი შტრიხკოდი ბოლო ოპერაციის თარიღი ეგზემპლარის მიმდევრობითი ნომერი (კეტერი?) ფასის ძალაში შესვლის თარიღი ეგზემპლარის სახეობა საჯარო შენიშვნა
          აგრარული და მემბრანული ტექნოლოგიების ინსტიტუტის ბიბლიოთეკა აგრარული და მემბრანული ტექნოლოგიების ინსტიტუტის ბიბლიოთეკა წიგნსაცავი 2023-12-14 12.00 630(479.22)+502.17(479.22-751) გ-74 66973 2023-12-14 66973 2023-12-14 წიგნი 12 ლ.